[Event "16th Asian Games Rapid Women"]
[Site "Guangzhou CHN"]
[Date "2010.11.13"]
[Round "2"]
[White "Saleh, Nora Mohd"]
[Black "Byun, Sungwon"]
[Result "1-0"]
[WhiteTitle "WIM"]
[BlackTitle "WCM"]
[WhiteElo "1884"]
[BlackElo "1612"]
[WhiteFideId "9301607"]
[BlackFideId "13200852"]
[EventDate "2010.11.13"]

1. d4 d5 2. Nf3 c6 3. c4 Nf6 4. Nc3 e6 5. cxd5 exd5 6. Bg5 Be7 7. e3 Bg4 8. Qb3
Qc7 9. Ne5 Bf5 10. Rc1 Be6 11. Bd3 Nbd7 12. Bf4 Qc8 13. h3 h6 14. O-O Nh5 15.
Bh2 O-O 16. Bb1 Nhf6 17. Qc2 Bd6 18. a3 Qc7 19. Nf3 Bxh2+ 20. Nxh2 Rfe8 21. b4
Nb6 22. b5 Nc4 23. a4 a6 24. Nf3 axb5 25. axb5 Na3 26. Qd3 Qb6 27. bxc6 bxc6 28.
Ne5 Nc4 29. Nxc4 dxc4 30. Qe2 c5 31. dxc5 Qxc5 1-0

[Event "16th Asian Games Rapid Women"]
[Site "Guangzhou CHN"]
[Date "2010.11.14"]
[Round "3"]
[White "Zhao, Xue"]
[Black "Hoang, Thi Bao Tram"]
[Result "1-0"]
[WhiteTitle "GM"]
[BlackTitle "WGM"]
[WhiteElo "2474"]
[BlackElo "2271"]
[WhiteFideId "8601283"]
[BlackFideId "12401102"]
[EventDate "2010.11.13"]

1. d4 d5 2. c4 c6 3. Nc3 Nf6 4. e3 Bf5 5. cxd5 cxd5 6. Qb3 Bc8 7. Nf3 e6 8. Bd3
Nc6 9. O-O Bd6 10. Bd2 O-O 11. Rfc1 Bd7 12. Be1 Rc8 13. Na4 Na5 14. Nc3 Nc6 15.
Na4 Na5 16. Rxc8 Bxc8 17. Qc2 Nc6 18. a3 e5 19. dxe5 Nxe5 20. Nxe5 Bxe5 21. Bc3
Qc7 22. Bxe5 Qxe5 23. Qc3 Qg5 24. Qd4 Ng4 25. Qc3 Nf6 26. Qd4 Ng4 27. Be2 b6 28.
Rc1 Be6 29. Rc7 Rc8 30. Rxc8+ Bxc8 31. Nc3 Nf6 32. Nb5 Ba6 33. Qa4 Bxb5 34. Bxb5
a5 35. Qd4 Ne4 36. Qxb6 g6 37. f3 Nf6 38. Qd4 Qf5 39. Bd3 Qe6 40. Kf2 Nd7 41.
Bb5 Nb6 42. Kg1 Qf5 43. Bd3 Qe6 44. Kf2 Nd7 45. Bb5 Nb6 46. Qc3 a4 47. Qc5 Qf6
48. Qd4 Qd6 49. h3 h5 50. Bxa4 Nc4 51. Bb3 Nb6 52. a4 Qc6 53. a5 Nc4 54. Bxc4
dxc4 55. h4 Qa4 56. Qd2 c3 57. Qd8+ Kh7 58. bxc3 Qc2+ 59. Kg3 Qxc3 60. Qe7 Qxa5
61. Qxf7+ Kh6 62. Qf6 Qe1+ 63. Kh2 Kh7 64. Qe7+ Kh6 65. Qg5+ Kh7 66. e4 Qb4 67.
Qf6 Qb8+ 68. f4 Qe8 69. e5 Kh6 70. e6 1-0

[Event "16th Asian Games Rapid Women"]
[Site "Guangzhou CHN"]
[Date "2010.11.14"]
[Round "3"]
[White "Nakhbayeva, Guliskhan"]
[Black "Tania, Sachdev"]
[Result "0-1"]
[WhiteTitle "WIM"]
[BlackTitle "IM"]
[WhiteElo "2209"]
[BlackElo "2385"]
[WhiteFideId "13704788"]
[BlackFideId "5007844"]
[EventDate "2010.11.13"]

1. d4 Nf6 2. c4 e6 3. Nc3 Bb4 4. e3 O-O 5. Ne2 d5 6. a3 Be7 7. cxd5 exd5 8. g3
c6 9. Bg2 a5 10. O-O Na6 11. Nf4 Nc7 12. f3 c5 13. Na4 Na6 14. g4 cxd4 15. exd4
Bd6 16. Nc3 Nc7 17. Qb3 Ne6 18. Nxe6 fxe6 19. h3 Bd7 20. a4 Qb8 21. f4 Kh8 22.
Nb5 Bxb5 23. axb5 Ne4 24. Bxe4 dxe4 25. Qe3 Qe8 26. Qxe4 Qxb5 27. Be3 Qd5 28.
Qd3 Rad8 29. Rf2 Rf7 30. Qd2 b6 31. Rc1 Qe4 32. Rc2 Bb4 33. Qc1 h6 34. Rc4 b5
35. Rc6 Bd6 36. Rc3 Bb8 37. Rc8 Rd7 38. Rxd8+ Rxd8 39. Qc3 b4 40. Qc1 Ba7 41.
Qc7 Rxd4 42. Qxa7 Qxe3 43. Kg2 Qe4+ 44. Kh2 Rd1 45. Qb8+ Kh7 46. Rg2 Rf1 47. g5
Qxf4+ 48. Qxf4 Rxf4 49. g6+ Kg8 50. Rc2 Kf8 51. Kg3 Rd4 52. Rc7 Rd1 53. Rf7+ Kg8
54. Ra7 Rg1+ 55. Kf4 Rxg6 56. Rxa5 Rg2 57. Ra6 Kf7 58. Ke5 Re2+ 59. Kf4 Rxb2 60.
Rb6 Kf6 61. h4 g6 62. Rb5 b3 63. Rb6 Rb1 64. Kg3 b2 65. Kg2 Kf5 66. Rb4 e5 67.
Rb5 Kg4 68. Rb4+ Kf5 69. Rb5 Kf4 70. Rb3 e4 71. Rb4 Ke5 72. Kh2 e3 73. Rb3 Rd1 0-1

[Event "16th Asian Games Rapid Women"]
[Site "Guangzhou CHN"]
[Date "2010.11.14"]
[Round "3"]
[White "Muminova, Nafisa"]
[Black "Harika, Dronavalli"]
[Result "0-1"]
[WhiteTitle "WIM"]
[BlackTitle "IM"]
[WhiteElo "2360"]
[BlackElo "2525"]
[WhiteFideId "14201526"]
[BlackFideId "5015197"]
[EventDate "2010.11.13"]

1. e4 e5 2. Nf3 Nc6 3. Bb5 Nge7 4. d4 exd4 5. Nxd4 g6 6. Nc3 Bg7 7. Be3 O-O 8.
Qd2 d6 9. Bxc6 Nxc6 10. Nxc6 bxc6 11. Bh6 Re8 12. Bxg7 Kxg7 13. O-O Qf6 14. f4
Ba6 15. Rf3 Rab8 16. Rff1 Ra8 17. Rf3 Rab8 18. b3 Rxe4 19. Nxe4 Qxa1+ 20. Kf2 c5
21. c3 Qf1+ 22. Kg3 Qe2 23. Qxe2 Bxe2 24. Re3 Bb5 25. c4 Bc6 26. Nc3 Kf6 27. Kf2
h5 28. g3 a5 29. h3 a4 30. bxa4 Rb4 31. a5 Rxc4 32. a6 d5 33. Nb1 Rc2+ 34. Re2
Rxe2+ 35. Kxe2 Bb5+ 36. Kd2 Bxa6 37. Nc3 Ke6 38. g4 h4 39. Nd1 d4 40. Nf2 Kd5
41. g5 c4 42. Ng4 c3+ 43. Kc2 Bc8 44. Nf2 Kc4 45. a4 Bf5+ 0-1

[Event "16th Asian Games Rapid Women"]
[Site "Guangzhou CHN"]
[Date "2010.11.14"]
[Round "3"]
[White "Bakri, Alia Anin Azwa"]
[Black "Pourkashiyan, Atousa"]
[Result "0-1"]
[WhiteTitle "WFM"]
[BlackTitle "WGM"]
[WhiteElo "1953"]
[BlackElo "2367"]
[WhiteFideId "5702712"]
[BlackFideId "12502014"]
[EventDate "2010.11.13"]

1. d4 Nf6 2. c4 e6 3. Nc3 Bb4 4. Bd2 O-O 5. Nf3 d5 6. e3 c5 7. dxc5 Bxc5 8. cxd5
exd5 9. Be2 Nc6 10. O-O Bg4 11. Na4 Bd6 12. h3 Bxf3 13. Bxf3 Ne4 14. Nc3 Qe7 15.
g3 Qe6 16. Na4 Qe7 17. Nc3 Qe6 18. Nxe4 dxe4 19. Bg2 Ne5 20. Bc3 f5 21. Qd4 Rfd8
22. Rfd1 Rd7 23. Qd5 Re8 24. Bf1 Kf8 25. Bxe5 Qxd5 26. Rxd5 Rxe5 27. Rad1 Rxd5
28. Rxd5 g6 29. g4 Bh2+ 30. Kxh2 Rxd5 31. gxf5 gxf5 32. Kg3 Rd2 33. b3 Rxa2 34.
Bc4 Kg7 35. f3 exf3 36. Kxf3 Kf6 37. Kf4 Rh2 38. Kg3 Rb2 39. Kf4 h6 40. Bd5 b5
41. Kf3 Ke5 42. Bf7 a5 0-1

[Event "16th Asian Games Rapid Women"]
[Site "Guangzhou CHN"]
[Date "2010.11.14"]
[Round "3"]
[White "Tuvshintugs, Batchimeg"]
[Black "Sultana, Sharmin Shirin"]
[Result "1-0"]
[WhiteTitle "WGM"]
[WhiteElo "2327"]
[BlackElo "1998"]
[WhiteFideId "4900839"]
[BlackFideId "10204482"]
[EventDate "2010.11.13"]

1. d4 d5 2. Nf3 Nf6 3. c4 c6 4. Nc3 dxc4 5. a4 Bf5 6. Ne5 Nbd7 7. Nxc4 Nb6 8.
Ne3 Bg6 9. a5 Nbd5 10. Nexd5 Nxd5 11. Qb3 Rb8 12. e4 Nxc3 13. bxc3 e5 14. dxe5
Bxe4 15. Be3 c5 16. Bb5+ Bc6 17. e6 f6 18. Bf4 Rc8 19. O-O g5 20. Rfd1 Qe7 21.
Rd7 Bxd7 22. exd7+ Kd8 23. dxc8=Q+ Kxc8 24. Bd2 a6 25. Bc4 Bh6 26. Bd5 Rd8 27.
Rb1 1-0

[Event "16th Asian Games Rapid Women"]
[Site "Guangzhou CHN"]
[Date "2010.11.14"]
[Round "3"]
[White "Geldyeva, Mekhri"]
[Black "Ibrahim, Delbak Ismael"]
[Result "1-0"]
[WhiteTitle "WGM"]
[BlackTitle "WIM"]
[WhiteElo "2279"]
[BlackElo "1929"]
[WhiteFideId "14000059"]
[BlackFideId "4803116"]
[EventDate "2010.11.13"]

1. d4 Nf6 2. c4 g6 3. Nc3 Bg7 4. e4 d6 5. f3 O-O 6. Be3 Nc6 7. Nge2 a6 8. Qd2
Rb8 9. a4 e5 10. d5 Na5 11. Nc1 c5 12. Be2 Bd7 13. O-O Qb6 14. b3 Qd8 15. Rb1 b6
16. Bh6 Nb7 17. Bxg7 Kxg7 18. f4 Qe7 19. Nd3 exf4 20. Qxf4 Rbe8 21. Bf3 Ng8 22.
Rbe1 f6 23. Bg4 Nd8 24. Bxd7 Qxd7 25. a5 Qc7 26. axb6 Qxb6 27. Rb1 Nf7 28. Qg3
Ne5 29. Nf4 Rf7 30. Ne6+ Kh8 31. Na4 Qb4 32. Nc3 Rfe7 33. Ne2 Qd2 34. N2f4 g5
35. Nh5 Rxe6 36. dxe6 Rxe6 37. Nf4 Re8 38. Nh5 Re6 39. Rbd1 Qc2 40. Qh3 Re7 41.
Qc8 Qxe4 42. Qxg8+ Kxg8 43. Nxf6+ Kg7 44. Nxe4 1-0

[Event "16th Asian Games Rapid Women"]
[Site "Guangzhou CHN"]
[Date "2010.11.14"]
[Round "3"]
[White "Mohammed Qane, Jannar Worya"]
[Black "Paridar, Shadi"]
[Result "0-1"]
[WhiteTitle "WFM"]
[BlackTitle "WGM"]
[WhiteElo "1901"]
[BlackElo "2253"]
[WhiteFideId "4802144"]
[BlackFideId "12500666"]
[EventDate "2010.11.13"]

1. d4 c5 2. e3 d5 3. Nf3 Nf6 4. c4 e6 5. Nc3 Nc6 6. cxd5 exd5 7. Bb5 a6 8. Bxc6+
bxc6 9. dxc5 Bxc5 10. O-O O-O 11. h3 Qe7 12. b3 Bb7 13. Bb2 Ba7 14. Rc1 Rac8 15.
Ne2 c5 16. Ng3 Bb8 17. Nf5 Qe6 18. Qc2 d4 19. exd4 Be4 20. Nh6+ gxh6 21. Qd2
Bxf3 22. Qxh6 Ne4 23. Qxe6 fxe6 24. gxf3 Nd2 25. Rfd1 Nxf3+ 26. Kg2 Nxd4 27.
Bxd4 cxd4 28. Rxc8 Rxc8 29. Rxd4 Kf7 30. Rd7+ Kg6 31. Re7 Rc6 32. Rb7 Be5 33. b4
Bd4 34. b5 axb5 35. Rxb5 Rc2 36. Rb4 e5 37. a4 Rxf2+ 38. Kg3 Ra2 39. Kg4 Ra3 40.
Rc4 h5+ 0-1

[Event "16th Asian Games Rapid Women"]
[Site "Guangzhou CHN"]
[Date "2010.11.14"]
[Round "3"]
[White "Khamboo, Monalisa"]
[Black "Enkhtuul, Altanulzii"]
[Result "0-1"]
[BlackTitle "WCM"]
[WhiteElo "1877"]
[BlackElo "2121"]
[WhiteFideId "12300080"]
[BlackFideId "4901444"]
[EventDate "2010.11.13"]

1. d4 Nf6 2. c4 c5 3. d5 b5 4. e3 b4 5. Nd2 d6 6. h3 g6 7. Ngf3 Bg7 8. Bd3 Bb7
9. O-O O-O 10. Qc2 a5 11. b3 Nxd5 12. Bb2 Nc3 13. Bxc3 Bxc3 14. Rad1 Nd7 15. Ne4
Bg7 16. Rfe1 Qc7 17. Nfd2 a4 18. Rb1 axb3 19. axb3 Ra3 0-1

[Event "16th Asian Games Rapid Women"]
[Site "Guangzhou CHN"]
[Date "2010.11.14"]
[Round "3"]
[White "Nur, Nabila Azman Hisham"]
[Black "Kim, Hyoyoung"]
[Result "1-0"]
[WhiteTitle "WCM"]
[WhiteElo "1845"]
[BlackElo "1355"]
[WhiteFideId "5702135"]
[BlackFideId "13200585"]
[EventDate "2010.11.13"]

1. d4 d5 2. c4 e6 3. Nf3 Nf6 4. Nc3 Be7 5. Bg5 c6 6. e3 Nbd7 7. Bd3 h6 8. Bh4 b6
9. cxd5 cxd5 10. O-O Bb7 11. Rc1 Rc8 12. Qa4 a6 13. b4 b5 14. Qb3 O-O 15. a4 a5
16. Bxb5 Bxb4 17. Na2 Be7 18. Rxc8 Bxc8 19. Rc1 Ne4 20. Rxc8 Qxc8 21. Bxe7 Re8
22. Ba3 Qc7 23. Ne5 Nef6 24. g3 Rb8 25. Nxd7 Nxd7 26. Qc3 Qd8 27. Qc6 Nf6 28.
Bc5 Ne4 29. Ba3 Qf6 30. f4 g5 31. Nc3 Nd2 32. Nxd5 Qd8 33. Ne7+ Kg7 34. Qc2 Nf3+
35. Kf2 Nxh2 36. d5 Ng4+ 37. Kf3 Nf6 38. d6 g4+ 39. Kf2 Rb6 40. Qc3 Qa8 41. Bc6
Qd8 42. Bb2 Rxb2+ 43. Qxb2 Qa8 44. Qc3 Qd8 45. Qb2 Kf8 46. Qxf6 1-0

[Event "16th Asian Games Rapid Women"]
[Site "Guangzhou CHN"]
[Date "2010.11.14"]
[Round "4"]
[White "Hou, Yifan"]
[Black "Pham, Le Thao Nguyen"]
[Result "1-0"]
[WhiteTitle "GM"]
[BlackTitle "WIM"]
[WhiteElo "2591"]
[BlackElo "2337"]
[WhiteFideId "8602980"]
[BlackFideId "12401226"]
[EventDate "2010.11.13"]

1. e4 e5 2. Nf3 Nf6 3. Nc3 Nc6 4. Bb5 Nd4 5. Bc4 Bc5 6. d3 d6 7. h3 h6 8. Nxd4
Bxd4 9. Ne2 Bb6 10. Ng3 c6 11. Qf3 Qe7 12. Bb3 Be6 13. Nf5 Bxf5 14. Qxf5 Nd7 15.
c3 Rd8 16. Qg4 Qf6 17. f4 exf4 18. Qxf4 Qxf4 19. Bxf4 Nc5 20. Bc2 d5 21. exd5
cxd5 22. Kd2 O-O 23. a3 d4 24. c4 Ne6 25. Bg3 Bc7 26. Bxc7 Nxc7 27. Rae1 Ne6 28.
b4 b6 29. Re5 Ra8 30. Rb1 Nf4 31. Ba4 Rad8 32. Bc6 Rd6 33. Be4 Rfd8 34. c5 bxc5
35. bxc5 Ra6 36. c6 Rc8 37. c7 Rb6 38. Rxb6 axb6 39. Bf5 Ne6 40. Rxe6 g6 41.
Rxg6+ 1-0

[Event "16th Asian Games Rapid Women"]
[Site "Guangzhou CHN"]
[Date "2010.11.14"]
[Round "4"]
[White "Tania, Sachdev"]
[Black "Zhao, Xue"]
[Result "0-1"]
[WhiteTitle "IM"]
[BlackTitle "GM"]
[WhiteElo "2385"]
[BlackElo "2474"]
[WhiteFideId "5007844"]
[BlackFideId "8601283"]
[EventDate "2010.11.13"]

1. d4 Nf6 2. c4 e6 3. Nf3 b6 4. g3 Ba6 5. Qc2 Bb4+ 6. Bd2 Be7 7. e4 d5 8. cxd5
Bxf1 9. Kxf1 exd5 10. e5 Ne4 11. Nc3 Nxd2+ 12. Qxd2 Qd7 13. Kg2 Nc6 14. h4 Nd8
15. Ng5 h6 16. Nh3 O-O 17. Nf4 c6 18. Rac1 Ne6 19. Nce2 Rac8 20. b4 Rfe8 21. Rc2
f6 22. Ng6 fxe5 23. Nxe5 Qd6 24. Nf4 Nxf4+ 25. Qxf4 Bf6 26. Nd3 Be7 27. Ne5 Bf6
28. Nd3 Qxf4 29. Nxf4 Bxd4 30. Rhc1 c5 31. Nxd5 Kf7 32. Nf4 Rcd8 33. bxc5 Bxc5
34. h5 Re5 35. Rc3 Rf5 36. Kf3 Rd7 37. Kg4 Rg5+ 38. Kf3 Rf5 39. Kg4 Re5 40. Kf3
Rf5 41. Kg4 Kf6 42. R1c2 Rg5+ 43. Kf3 Kf7 44. Re2 Re7 45. Rxe7+ Kxe7 46. Rc2 Kd7
47. g4 Bd6 48. Rd2 Ra5 49. Nd5 Ke6 50. Ne3 Ra4 51. Re2 Be5 52. Kg2 Kf6 53. Nd5+
Ke6 54. Ne3 Bf6 55. f3 Kd6 56. Rc2 b5 57. Kg3 Be5+ 58. Kg2 a6 59. Nf5+ Kd7 60.
Re2 Bf6 61. Kg3 Rc4 62. f4 a5 63. g5 hxg5 64. fxg5 Bxg5 65. Nxg7 b4 66. Nf5 a4
67. h6 Bf6 68. h7 Rc8 69. Re4 b3 70. axb3 axb3 71. Rb4 b2 72. Nd4 Ke7 73. Rxb2
Bxd4 74. Rb7+ Kf6 75. Kg4 Kg6 76. Rd7 Bg7 77. Rb7 Rc4+ 78. Kf3 Kxh7 79. Rd7 Kg6
80. Rd3 Kf5 81. Rd5+ Be5 82. Rd3 Rc8 83. Rb3 Rh8 84. Rd3 Rh4 85. Rd5 Rh3+ 86.
Kg2 Ra3 87. Rd2 Ke4 88. Re2+ Kf4 89. Rf2+ Kg4 90. Re2 Bf4 91. Kf1 Kh3 92. Rf2
Kg3 93. Rg2+ Kf3 94. Rf2+ Ke4 95. Re2+ Be3 96. Kg2 Ra1 97. Kg3 Rf1 98. Rg2 Rf8
99. Rc2 Rg8+ 100. Kh4 Kf3 101. Kh5 Rg5+ 102. Kh4 Rg6 0-1

[Event "16th Asian Games Rapid Women"]
[Site "Guangzhou CHN"]
[Date "2010.11.14"]
[Round "4"]
[White "Harika, Dronavalli"]
[Black "Dauletova, Gulmira"]
[Result "1-0"]
[WhiteTitle "IM"]
[BlackTitle "WIM"]
[WhiteElo "2525"]
[BlackElo "2263"]
[WhiteFideId "5015197"]
[BlackFideId "13702971"]
[EventDate "2010.11.13"]

1. Nf3 Nf6 2. c4 g6 3. g3 Bg7 4. Bg2 O-O 5. d4 d6 6. O-O Nbd7 7. Nc3 e5 8. e4 c6
9. h3 Qb6 10. d5 cxd5 11. cxd5 Nc5 12. Nd2 a5 13. Nb3 Nfd7 14. Be3 Qb4 15. Qc2
a4 16. Nd2 b5 17. a3 Qa5 18. b4 axb3 19. Nxb3 Nxb3 20. Qxb3 Ba6 21. Rfb1 Rab8
22. Qb4 Qc7 23. Rc1 Nc5 24. Bf1 Rfc8 25. Nxb5 Bxb5 26. Bxb5 f5 27. a4 f4 28.
Bxc5 dxc5 29. Qc4 Qd6 30. g4 f3 31. Rc3 Rf8 32. Raa3 Bh6 33. Qxc5 Qf6 34. Rxf3
Bf4 35. Kg2 h5 36. Bd7 Rb1 37. d6 Rd1 38. Rad3 Rxd3 39. Rxd3 Rd8 40. Qd5+ Kg7
41. Qe6 Qxe6 42. Bxe6 Kf6 43. Bc4 hxg4 44. hxg4 Kg5 45. a5 Kxg4 46. a6 Bg5 47.
a7 Ra8 48. Ra3 Bf4 49. Bd5 Bg5 50. Bc4 Bf4 51. Bd5 1-0

[Event "16th Asian Games Rapid Women"]
[Site "Guangzhou CHN"]
[Date "2010.11.14"]
[Round "4"]
[White "Paridar, Shadi"]
[Black "Sukandar, Irine Kharisma"]
[Result "1/2-1/2"]
[WhiteTitle "WGM"]
[BlackTitle "WGM"]
[WhiteElo "2253"]
[BlackElo "2382"]
[WhiteFideId "12500666"]
[BlackFideId "7101937"]
[EventDate "2010.11.13"]

1. e4 c5 2. c3 Nf6 3. e5 Nd5 4. d4 cxd4 5. Nf3 e6 6. cxd4 d6 7. Bc4 Nb6 8. Bd3
Nc6 9. O-O Nb4 10. Be2 Be7 11. Bd3 Bf8 12. Be2 Be7 13. a3 Nc6 14. Bd3 Qc7 15.
Qe2 Nd5 16. Re1 O-O 17. Nc3 Nxc3 18. bxc3 dxe5 19. dxe5 Rd8 20. Qe4 g6 21. h4
Qa5 22. Bg5 Qxc3 23. Rad1 Qxa3 24. h5 Nd4 25. hxg6 hxg6 26. Nxd4 Bxg5 27. Qg4
Qe7 28. Nf3 Bh6 29. Bxg6 Bd7 30. Bb1+ Bg7 31. Ng5 Bc6 32. Nh7 Rxd1 33. Rxd1 Rd8
34. Re1 a5 35. Nf6+ Kf8 36. Nh7+ Kg8 37. Nf6+ Kf8 38. Nh7+ Kg8 39. Nf6+ Kf8 1/2-1/2

[Event "16th Asian Games Rapid Women"]
[Site "Guangzhou CHN"]
[Date "2010.11.14"]
[Round "4"]
[White "Pourkashiyan, Atousa"]
[Black "Nodirjanova, Nodira"]
[Result "1-0"]
[WhiteTitle "WGM"]
[WhiteElo "2367"]
[BlackElo "2149"]
[WhiteFideId "12502014"]
[BlackFideId "14201232"]
[EventDate "2010.11.13"]

1. e4 e6 2. d4 d5 3. Nd2 Nf6 4. e5 Nfd7 5. c3 c5 6. Bd3 Nc6 7. Ne2 cxd4 8. cxd4
f6 9. exf6 Nxf6 10. Nf3 Bd6 11. O-O Qc7 12. g3 O-O 13. Bf4 Ne4 14. Bxd6 Qxd6 15.
Nc3 Nxc3 16. bxc3 e5 17. dxe5 Nxe5 18. Nxe5 Qxe5 19. Qc2 Qh5 20. Rfe1 Bg4 21.
Re7 Bf3 22. Rae1 Qh3 23. Bf1 Qc8 24. Qd2 Rf7 25. Rxf7 Kxf7 26. Qf4+ Kg8 27. Qxf3
Qc5 28. Bg2 Rd8 29. Bf1 Ra8 30. Bg2 Rd8 31. Rd1 Qa3 32. Rxd5 Rf8 33. Rf5 Qc1+
34. Bf1 Re8 35. Kg2 h6 36. Bc4+ Kh7 37. Rf8 Rxf8 38. Qxf8 Qxc3 39. Bg8+ Kg6 40.
Qf7+ 1-0

[Event "16th Asian Games Rapid Women"]
[Site "Guangzhou CHN"]
[Date "2010.11.14"]
[Round "4"]
[White "Hallaeva, Bahar"]
[Black "Tuvshintugs, Batchimeg"]
[Result "1/2-1/2"]
[WhiteTitle "WFM"]
[BlackTitle "WGM"]
[WhiteElo "2184"]
[BlackElo "2327"]
[WhiteFideId "14000679"]
[BlackFideId "4900839"]
[EventDate "2010.11.13"]

1. e4 e5 2. Nf3 Nc6 3. d4 exd4 4. Bc4 Nf6 5. O-O Nxe4 6. Re1 d5 7. Bxd5 Qxd5 8.
Nc3 Qa5 9. Nxe4 Be6 10. Neg5 O-O-O 11. Nxe6 fxe6 12. Rxe6 Qf5 13. Qe2 Bd6 14.
Bg5 Rdf8 15. Re1 h6 16. Bh4 Qd5 17. Qe4 Qxe4 18. R6xe4 Bb4 19. R1e2 g5 20. Bg3
Rd8 21. h3 d3 22. cxd3 Rxd3 23. Ne5 Nxe5 24. Bxe5 Rd1+ 25. Kh2 Bd6 26. f4 Bxe5
27. fxe5 Kd8 28. Rf2 Kc8 29. Rfe2 Kd8 30. Rf2 Ke7 31. Rc4 c6 32. Ra4 a6 33. Rb4
Rd7 34. Rf6 a5 35. Rb3 a4 36. Rbf3 Rh7 37. Rf2 Rd5 38. e6 Rd6 39. Rf7+ Rxf7 40.
Rxf7+ Kxe6 41. Rxb7 Rd2 42. Kg3 a3 43. bxa3 Rxa2 44. Ra7 h5 45. Ra5 Kf6 46. Rc5
Rxa3+ 47. Kh2 Ra6 48. Kg3 Rb6 49. Kf3 Rb3+ 50. Ke4 Rb4+ 51. Kd3 Rb2 52. Rxc6+
Kf5 53. Rc5+ Kf4 54. g3+ Kxg3 55. Rxg5+ Kh4 56. Rg8 Kxh3 57. Ke3 Rg2 58. Rh8 h4
59. Kf3 Rg7 60. Kf2 Rg4 61. Kf3 Rb4 62. Kf2 Kh2 63. Rg8 Rf4+ 64. Ke3 Rf7 65. Ke2
Rf6 66. Ke3 h3 67. Ke2 Rf5 68. Ke3 Rf1 69. Ke2 Rg1 70. Rh8 Kg2 71. Rg8+ Kh1 72.
Kf3 h2 73. Rb8 Rg7 74. Rb2 Rg1 75. Kf2 Rd1 76. Kg3 Rd3+ 77. Kf2 Rd1 78. Kg3 1/2-1/2

[Event "16th Asian Games Rapid Women"]
[Site "Guangzhou CHN"]
[Date "2010.11.14"]
[Round "4"]
[White "Shamima, Akter Liza"]
[Black "Geldyeva, Mekhri"]
[Result "1/2-1/2"]
[WhiteTitle "WFM"]
[BlackTitle "WGM"]
[WhiteElo "2161"]
[BlackElo "2279"]
[WhiteFideId "10202587"]
[BlackFideId "14000059"]
[EventDate "2010.11.13"]

1. d4 Nf6 2. c4 c5 3. d5 b5 4. cxb5 a6 5. bxa6 Bxa6 6. g3 d6 7. Bg2 g6 8. Nf3
Bg7 9. Ng1 Bf8 10. Nf3 Bg7 11. O-O O-O 12. Nc3 Nbd7 13. Qc2 Qb6 14. Rd1 Rfb8 15.
Rb1 Qa5 16. Bd2 Qc7 17. b3 Nb6 18. Be1 Bb7 19. e4 Ba6 20. a4 Nbd7 21. h3 Rb7 22.
Bf1 Bxf1 23. Kxf1 Qb8 24. Nb5 Nb6 25. Nc3 Nbd7 26. Nb5 Nb6 27. Nd2 Nc8 28. Nc4
Na7 29. Nba3 Qc8 30. Kg2 h5 31. Bc3 h4 32. Na5 Rbb8 33. N3c4 Qc7 34. e5 Ne8 35.
e6 fxe6 36. Qxg6 exd5 37. Rxd5 Nc6 38. Bxg7 Nxg7 39. Rg5 e5 40. Qe6+ Kf8 41.
Rxg7 Kxg7 42. Nxd6 Rf8 43. Nac4 Nd4 44. Qxe5+ Kg8 45. Qd5+ Kh8 46. Ne5 Kg7 47.
Ng4 Qc6 48. Qxc6 Nxc6 49. gxh4 Rad8 50. Nb7 Rd5 51. Rc1 Ne5 52. Nxc5 Re8 53. b4
Nxg4 54. hxg4 Rd4 55. f3 Rxb4 56. h5 Kf6 57. Ne4+ Ke5 58. Re1 Kf4 59. Re2 Rxa4
60. h6 Ra6 61. g5 Rg6 62. Kf2 Re7 63. Ra2 Rb7 64. Kg2 Rgb6 65. Ra5 Rb2+ 66. Nf2
Re7 67. g6 Ree2 68. Ra4+ Kf5 69. g7 Rxf2+ 70. Kg1 Rg2+ 71. Kf1 Rh2 72. Ra5+ Kf4
73. Ra4+ Kxf3 74. Ra3+ Ke4 75. Ra4+ Kd3 76. Ra3+ Kd4 77. Ra4+ Kc5 78. Kg1 Rhd2
79. Rf4 Rg2+ 80. Kf1 Rh2 81. Kg1 Rbg2+ 82. Kf1 Rg6 83. Rf8 Rhxh6 84. g8=Q Rxg8
85. Rxg8 1/2-1/2

[Event "16th Asian Games Rapid Women"]
[Site "Guangzhou CHN"]
[Date "2010.11.14"]
[Round "4"]
[White "Hoang, Thi Bao Tram"]
[Black "Mir Mahmoud, Afamia"]
[Result "1-0"]
[WhiteTitle "WGM"]
[WhiteElo "2271"]
[BlackElo "2010"]
[WhiteFideId "12401102"]
[BlackFideId "7600674"]
[EventDate "2010.11.13"]

1. d4 d5 2. Nf3 Nf6 3. c3 e6 4. Bg5 c5 5. e3 Nbd7 6. Nbd2 Qb6 7. Qb1 Bd6 8. Bd3
h6 9. Bh4 Qc7 10. O-O O-O 11. e4 dxe4 12. Nxe4 Nxe4 13. Bxe4 Nb6 14. Qd1 Bd7 15.
Ne5 Bb5 16. Re1 Nd7 17. a4 Bc6 18. Bxc6 bxc6 19. Nxd7 Qxd7 20. dxc5 Bxh2+ 21.
Kxh2 Qb7 22. b4 Qa6 23. Qg4 Kh7 24. Be7 Rfe8 25. Bd6 Qb7 26. Qe4+ Kg8 27. b5
Rac8 28. Rab1 Qa8 29. Ra1 Qb7 30. Rab1 Qa8 31. b6 axb6 32. cxb6 Qb7 33. a5 Ra8
34. Ra1 Red8 35. Red1 Ra6 36. Bc7 Raa8 37. Bd6 Ra6 38. Bc7 Re8 39. Rd6 Raa8 40.
Re1 Red8 41. Ra1 Ra6 42. Rdd1 Re8 43. Rd6 1-0

[Event "16th Asian Games Rapid Women"]
[Site "Guangzhou CHN"]
[Date "2010.11.14"]
[Round "4"]
[White "Ibrahim, Delbak Ismael"]
[Black "Muminova, Nafisa"]
[Result "0-1"]
[WhiteTitle "WIM"]
[BlackTitle "WIM"]
[WhiteElo "1929"]
[BlackElo "2360"]
[WhiteFideId "4803116"]
[BlackFideId "14201526"]
[EventDate "2010.11.13"]

1. e4 e6 2. d3 d5 3. Nd2 Nf6 4. Ngf3 Nc6 5. g3 dxe4 6. dxe4 Bc5 7. Bg2 e5 8. O-O
O-O 9. c3 a5 10. Qc2 b6 11. Nc4 Qe7 12. Ne3 Bxe3 13. Bxe3 Ba6 14. Rfd1 Rad8 15.
h3 Rd7 16. Ne1 Rfd8 17. Rxd7 Qxd7 18. Kh2 Ne7 19. Bf3 Bc8 20. Bg2 Bb7 21. Bf3
Bc8 22. Bg2 h6 23. Nf3 Ng6 24. Nd2 Bb7 25. Nf1 Ba6 26. c4 Nf8 27. Nd2 Bb7 28.
Nb3 Ne6 29. Bf3 a4 30. Nc1 c5 31. Ne2 Nd4 32. Bxd4 cxd4 33. Qd3 Rc8 34. Bg2 Qc6
35. f4 exf4 36. Qxd4 fxg3+ 37. Nxg3 Qxc4 38. Qxb6 Bxe4 39. Bxe4 Nxe4 40. Nxe4
Qxe4 41. Rf1 Rc2+ 42. Rf2 Rc1 43. Qd8+ Kh7 44. Qd2 Rh1+ 45. Kg3 Rg1+ 46. Rg2
Rxg2+ 47. Qxg2 Qxg2+ 48. Kxg2 Kg6 49. Kf3 Kf5 50. Ke3 Ke5 51. Kd3 Kd5 52. Ke3
Ke5 53. Kd3 Kd5 54. b3 axb3 55. axb3 f5 56. Ke3 g5 57. Kf3 Kc5 58. h4 Kb4 0-1

[Event "16th Asian Games Rapid Women"]
[Site "Guangzhou CHN"]
[Date "2010.11.14"]
[Round "4"]
[White "Sultana, Sharmin Shirin"]
[Black "Boshra, Alshaeby"]
[Result "1-0"]
[WhiteElo "1998"]
[BlackElo "1807"]
[WhiteFideId "10204482"]
[BlackFideId "8102937"]
[EventDate "2010.11.13"]

1. d4 Nf6 2. c4 c5 3. d5 d6 4. Nc3 g6 5. e4 Bg7 6. Nf3 e6 7. Bg5 O-O 8. Be2 exd5
9. exd5 Re8 10. O-O Bg4 11. Re1 Nbd7 12. h3 Bxf3 13. Bxf3 Ne5 14. Be2 Qb6 15.
Qc2 a6 16. Rab1 Rac8 17. a3 Qc7 18. f4 Ned7 19. Bd3 Nh5 20. Ne2 Rb8 21. g4 Nhf6
22. Nc3 Rbc8 23. Ne2 Rb8 24. Ng3 b5 25. Bxf6 Nxf6 26. Rxe8+ Nxe8 27. Qe2 bxc4
28. Bxc4 Bd4+ 29. Kh2 Nf6 30. g5 Re8 31. Qg2 Nd7 32. Bxa6 Qa5 33. Bb7 Nb6 34.
Bc6 Rb8 35. Ne2 Bg7 36. f5 gxf5 37. Ng3 Be5 38. Kh1 Nc4 39. Nxf5 Nxa3 40. Nh6+
Kf8 41. Rf1 f6 42. gxf6 Bxf6 43. Qg8+ Ke7 44. Qf7+ Kd8 45. Qd7# 1-0